000 00587nam a2200217Ia 4500
003 OSt
005 20240801092122.0
008 210210b1997 xxu||||| |||| 00| 0 eng d
020 _a81 7302 155 4
040 _cAL
041 _aKannada
082 _a923K RAMB
100 _aRAMAKRASHNA (G).
_d: ರಾಮಕೃಷ್ಣ (ಜಿ)
_9174601
245 _aBhagat Sing
_bಭಗತ್ ಸಿಂಗ್
260 _aBengaluru.
_bNavakarnataka Prakashana.,
_c1997
300 _a167
650 _aBhagat Sing
_9174602
690 _aBiography
_9174603
906 _a057398
942 _2ddc
_cBK
999 _c104897
_d104897